000 00512nam a2200193Ia 4500
005 20221117104536.0
008 131103s9999 xx 000 0 und d
040 _aLoreto College
041 _aEnglish
082 _a821.7
_bKEA-RID
100 _aRidley. M.R.
245 _aKeats' craftsmanship
_b A study in poetic Development
_cM.R. Ridley
260 _aLondon
_bUniversity paperbacks
_c1964
300 _a314p
504 _aIncludes index
650 _aEnglish poetry
850 _aLCLIB
942 _cBK
999 _c21422
_d71901